01678nam a22002417a 4500003000900000008004100009040007100050082002900121245008300150260003500233300004500268440005800313505082200371650002601193650002701219650002601246650002901272650001301301700002701314700002501341700003101366700003901397AR-CdUCM190425b ||||| |||| 00| 0 spa d aMUNICIPALIDAD PROVINCIAL DEL CUSCOcBIBLIOTECA MUNICIPAL DEL CUSCO aSieteculebras/N°16/2002 aSiete culebras :bRevista de cultura andina /cMario Guevara Paredes, Director aCusco :bSieteculebras,c2002. a81 páginas. :bilustraciones ;c30 cm. aRevista Siete Culebras.ndiciembre, enero 2002, N°16 aContenido: La narrativa andina. Juan Alberto Osorio. -- El arpa peruana generalidades. Claude Ferrier. -- Poesía. Carlos Velásquez Iwaki. -- Utopía globalización y poética en la literatura femenina del nuevo milenio, Maria Regla Villa. -- La personalidad poética de César Vallejo. Clary Loisel. -- Cuente. Miguel Ildefonso. -- Poesía. Paola Paula. -- El fuego nocturno del Sur. Alejandro Alonso. -- Aporte etnobiofilosofico sobre el escarabajo blanco. Ricardo Torres. -- El humos como resorte narrativo en Bryce Echenique. Mario Pantoja. -- Una sala funeraria en Sacsayhuaman. Mónica Paredes García. -- Poesía. Ana Bertha Vizcarra. -- Entrevista con Mario Curasi. Luis Nieto. -- Recuperación del Centro Histórico del Cusco una necesidad impostergable. José Carlos Gutiérrez Samanez. ... aLiteratura cusqueña aNarradores cusqueños aLiteratos cusqueños aArqueología cusqueña aPoesía aGuevara Paredes, Mario aVizcarra, Ana Bertha aParedes García, Mónica aGutiérrez Samanez, José Carlos